Skúmanie vplyvu vybraných činiteľov na vývoj kapitálového trhu diplomová práca

Enregistré dans:
Détails bibliographiques
Auteur principal: Kürth, Juraj
Collectivité auteur: Národohospodárska fakulta EU. Katedra financií
Autres auteurs: Šabíková, Ingrid
Format: Livre
Langue:slovaque
Publié: Bratislava 2014
Tags: Ajouter un tag
Pas de tags, Soyez le premier à ajouter un tag!

MARC

LEADER 00000nbm a2200000 4500
001 0197384
005 20161121132620.0
041 0 |a slo 
044 |a SK 
245 1 0 |a Skúmanie vplyvu vybraných činiteľov na vývoj kapitálového trhu  |b diplomová práca  |c Juraj Kürth ; školiteľ: Ingrid Šabíková 
264 1 |a Bratislava  |c 2014 
300 |a 72 s. 
100 1 |a Kürth, Juraj 
700 1 |a Šabíková, Ingrid 
710 2 |a Národohospodárska fakulta EU. Katedra financií